| 000 | 00692nam a2200193Ia 4500 | ||
|---|---|---|---|
| 003 | GCL | ||
| 008 | 140319s9999 xx 000 0 ara d | ||
| 040 |
_aGCL / _cGCL |
||
| 082 | 0 | 4 |
_a791.43 _bج س |
| 100 | 1 | _aجودت السعد | |
| 245 | 1 | 0 |
_aالسينما الصهيونية بين التجنيد والتطوع : _bدراسة نقدية / _cجودت السعد |
| 260 |
_aسوريا : _bوزارة الثقافة ، _c2006 |
||
| 300 |
_a158 ص ؛ _c24 سم |
||
| 650 | 0 | 4 | _aالافلام السينمائية |
| 650 | 0 | 4 | _aالتمثيل فى السينما |
| 650 | 0 | 4 | _aالسينما - صناعة وتجارة |
| 650 | 0 | 4 | _aالسينما الصهيونية |
| 942 |
_2ddc _cBK |
||
| 999 |
_c10014 _d10014 |
||